[Event "3rd Open"]
[Site "Patras GRE"]
[Date "2001.07.26"]
[Round "9"]
[White "Barsov,A"]
[Black "Kalesis,N"]
[Result "1-0"]
[WhiteElo "2495"]
[BlackElo "2398"]

1.d4 Nf6 2.c4 e6 3.Nc3 Bb4 4.Nf3 d5 5.Bg5 h6 6.Bxf6 Bxc3+ 7.bxc3 Qxf6 8.Qb3 c6
9.e3 O-O 10.a4 b6 11.Ne5 Nd7 12.Nxc6 dxc4 13.Bxc4 Bb7 14.Nb4 Bxg2 15.Rg1 Bf3
16.Rg3 Rac8 17.Nd3 Rc7 18.Nf4 Be4 19.Bxe6 fxe6 20.Qxe6+ Qxe6 21.Nxe6 Rfc8
22.Nxc7 Rxc7 23.f3 Bb7 24.Kd2 Nf6 25.a5 b5 26.a6 Bc8 27.e4 Nd7 28.Rg6 Nf6
29.Rag1 Kf8 30.d5 Rf7 31.Rb1 Nd7 32.Rc6 Nb6 33.Ra1 Nc4+ 34.Ke2 Bh3 35.Rc1 Bd7
36.Rc7 Be8 37.Rxf7+ Kxf7 38.f4 g5 39.fxg5 hxg5 40.Kd3 Ne5+ 41.Kd4 Nf3+ 42.Ke3 Nxh2
43.Rg1 b4 44.c4 g4 45.Rb1 g3 46.Rxb4 Kf6 47.Rb6+ Kg5 48.Rb7 Bh5 49.d6 Bg4
50.d7 Bxd7 51.Rxd7 Kg4 52.Kd4  1-0

[Event "MTO"]
[Site "Biel SUI"]
[Date "2001.08.01"]
[Round "9"]
[White "Ermeni,A"]
[Black "Rupel,D"]
[Result "1-0"]
[WhiteElo "2245"]
[BlackElo "2118"]

1.Nf3 e6 2.d4 Nf6 3.c4 Bb4+ 4.Nc3 Ne4 5.Qc2 f5 6.a3 Bxc3+ 7.bxc3 b6 8.a4 Nc6
9.g4 Qf6 10.gxf5 exf5 11.Rg1 Bb7 12.Bf4 d6 13.Bh3 Na5 14.c5 h6 15.cxd6 cxd6
16.Nd2 Qh4 17.Nxe4 Bxe4 18.Qa2 d5 19.Be5 Nc4 20.Rxg7 Nxe5 21.dxe5 Qxh3 22.Qa3 O-O-O
23.a5 Rhg8 24.Rc7+ Kb8 25.axb6  1-0

[Event "Smith & Williamson ch-GBR"]
[Site "Scarborough HUN"]
[Date "2001.08.01"]
[Round "3"]
[White "Gormally,D"]
[Black "Oswald,G"]
[Result "1/2-1/2"]
[WhiteElo "2481"]
[BlackElo "2195"]

1.d4 Nf6 2.Nf3 e6 3.c4 Bb4+ 4.Nc3 c5 5.e3 b6 6.Bd3 Bb7 7.O-O O-O 8.Qc2 Bxf3
9.gxf3 cxd4 10.exd4 Nc6 11.Be3 Rc8 12.Rad1 Re8 13.a3 Bf8 14.Qa4 d5 15.cxd5 Nxd5
16.Bb5 Nxc3 17.bxc3 Qd5 18.c4 Qxf3 19.d5 Qg4+  1/2-1/2

[Event "ch-IRI"]
[Site "Tehran IRI"]
[Date "2001.08.01"]
[Round "2"]
[White "Ghaem Maghami,E"]
[Black "Ghorbanian,M"]
[Result "1-0"]
[WhiteElo "2509"]
[BlackElo "2276"]

1.c4 Nf6 2.Nc3 e6 3.d4 Bb4 4.Nf3 c5 5.g3 Ne4 6.Qc2 d5 7.Bg2 Qa5 8.cxd5 exd5
9.Bd2 Nxd2 10.Qxd2 O-O 11.O-O Nc6 12.dxc5 Be6 13.Rac1 Bxc5 14.a3 Rac8 15.Rfd1 Rfd8
16.Ng5 Qb6 17.Qf4 Be7 18.Nxd5 Bxg5 19.Qxg5 Qxb2 20.Ne7+ Nxe7 21.Rxc8 Rxc8
22.Qxe7 g6 23.Bxb7 Qxe2 24.Rd8+ Kg7 25.Qf8+ Kf6 26.Rxc8 Qd1+ 27.Kg2 Bd5+
28.Bxd5 Qxd5+ 29.f3 Qd2+ 30.Kh3 Qd7+ 31.g4 Qb7 32.Qd6+ Kg7 33.Qe5+ Kh6 34.Kh4 f6
35.Qxf6  1-0

[Event "Open"]
[Site "Korinthos GRE"]
[Date "2001.08.02"]
[Round "6"]
[White "Erwich,Frans"]
[Black "Bellia,F"]
[Result "0-1"]
[WhiteElo "2096"]
[BlackElo "2401"]

1.d4 Nf6 2.c4 e6 3.Nc3 Bb4 4.Nf3 O-O 5.Bg5 d6 6.e3 Nbd7 7.Qc2 h6 8.Bh4 b6
9.Bd3 Bb7 10.O-O Bxc3 11.Qxc3 c5 12.Rad1 Rc8 13.b3 Bxf3 14.gxf3 Nd5 15.cxd5 Qxh4
16.Ba6 Rcd8 17.dxe6 fxe6 18.Be2 Qh3 19.f4 Rxf4 20.f3 Rf5 21.Rf2 Rg5+ 22.Kh1 Nf6
23.Rg1 Qh4 24.Rxg5 Qxg5 25.Rg2 Qh4 26.dxc5 bxc5 27.e4 Qf4 28.Qc4 Re8 29.Qb5 Re7
30.Rg3 Kh7 31.e5 Qxe5 32.Bd3+ Kg8 33.Qb8+ Re8 34.Qxa7 Nh5 35.Rg1 Nf4 36.Bb1 Rf8
37.Qe7 Nh3 38.Rd1 Nf2+  0-1

[Event "Open"]
[Site "Korinthos GRE"]
[Date "2001.08.04"]
[Round "8"]
[White "Erwich,Frans"]
[Black "Khurtsidze,N"]
[Result "0-1"]
[WhiteElo "2096"]
[BlackElo "2446"]

1.d4 Nf6 2.c4 e6 3.Nc3 Bb4 4.Nf3 d5 5.cxd5 exd5 6.Bg5 Nbd7 7.e3 c5 8.Bd3 Qa5
9.Qc2 c4 10.Bf5 O-O 11.O-O Re8 12.Nd2 g6 13.Bxd7 Nxd7 14.h4 Nb6 15.f3 Bf8
16.e4 Bg7 17.Be3 dxe4 18.fxe4 f5 19.e5 Be6 20.h5 Rac8 21.hxg6 hxg6 22.Nf3 Nd5
23.Nxd5 Qxd5 24.Ng5 Bd7 25.Rf3 Bc6 26.Qf2 Bh6 27.Rh3 Bxg5 28.Bxg5 Rc7 29.Bf6 Rh7
30.Rxh7 Kxh7 31.Qh4+ Kg8 32.Qh8+ Kf7 33.Qg7+ Ke6 34.Qxg6 Qxd4+ 35.Kh1 Qg4
36.Qxg4 fxg4 37.Kh2 b5 38.Rd1 Be4 39.Rd6+ Kf5 40.Kg3 b4 41.Bg7 Bb1 42.Rf6+ Ke4
43.Ra6 c3 44.bxc3 bxc3 45.e6 c2 46.Bh6 Kf5 47.Rxa7 Rxe6 48.Ra5+ Ke4 49.Bg5 Kd4
50.Ra8 Re5 51.Bc1 Kd3 52.Bb2 Re4 53.Kf2 Rf4+ 54.Kg3 Rc4 55.Rd8+ Ke4 56.a3 c1=Q
57.Bxc1 Rxc1 58.Kxg4 Rc4 59.Rf8 Ke5+ 60.Kg3 Be4 61.Re8+ Kd4 62.Rd8+ Bd5 63.Kf4 Kc5+
64.Ke5 Bxg2 65.Rd3 Bc6 66.Re3 Bd5 67.Rd3 Re4+ 68.Kf5 Re2 69.Kf4 Bc4 70.Re3 Rc2
71.Ke4 Kb5 72.Kd4 Rc1 73.Rc3 Rd1+ 74.Ke5 Ba2 75.Ke4 Ka4 76.Ke3 Bb3 77.Ke2 Rd6  0-1

[Event "Open"]
[Site "Olomouc CZE"]
[Date "2001.08.05"]
[Round "5"]
[White "Furman,B"]
[Black "Berezjuk,S"]
[Result "1/2-1/2"]
[WhiteElo "2279"]
[BlackElo "2420"]

1.d4 Nf6 2.c4 e6 3.Nc3 Bb4 4.Nf3 O-O 5.Bg5 h6 6.Bh4 d6 7.Qc2 Nbd7 8.e3 e5
9.Be2 Qe7 10.O-O Bxc3 11.Qxc3 g5 12.dxe5 dxe5 13.Bg3 Ne4 14.Qc2 f5 15.h3 b6
16.Nd2 Bb7 17.Nxe4 Bxe4 18.Bd3 Bxd3 19.Qxd3 f4 20.Qg6+ Qg7 21.Qxg7+ Kxg7
22.Bh2 Rf7 23.f3 Re8 24.e4 Nc5 25.Rfd1 Ne6 26.Kf1 Nd4 27.Bg1 c5 28.Bxd4 cxd4
29.Ke2 Rc8 30.b3 Rfc7 31.a4 Rc5 32.h4 gxh4 33.Rh1 a6 34.Rxh4 R5c6 35.Rh5 Re6
36.Kd3  1/2-1/2

[Event "Inline Czechia Cup"]
[Site "Olomouc CZE"]
[Date "2001.08.07"]
[Round "8"]
[White "Obsivac,J"]
[Black "Kristjansson,S"]
[Result "1/2-1/2"]
[WhiteElo "2361"]
[BlackElo "2380"]

1.d4 e6 2.c4 Nf6 3.Nc3 Bb4 4.Nf3 b6 5.Qb3 c5 6.Bg5 Bb7 7.a3 Bxc3+ 8.Qxc3 Ne4
9.Bxd8 Nxc3 10.Bh4 Ne4 11.e3 d6 12.Rd1 Nd7 13.Nd2 Nxd2 14.Rxd2 f6 15.f3 Ke7
16.Be2 cxd4 17.Rxd4 a5  1/2-1/2

[Event "It"]
[Site "Nikolaev UKR"]
[Date "2001.08.08"]
[Round "8"]
[White "Zubov,A UKR"]
[Black "Zavgorodniy,S"]
[Result "1-0"]
[WhiteElo "2473"]
[BlackElo "2453"]

1.d4 Nf6 2.c4 e6 3.Nc3 Bb4 4.Nf3 b6 5.Bg5 Bb7 6.e3 d6 7.Qa4+ Nc6 8.d5 exd5
9.cxd5 Nxd5 10.Bxd8 Nxc3 11.bxc3 Bxc3+ 12.Nd2 Bxa1 13.Ba6  1-0

[Event "Smith & Williamson ch-GBR"]
[Site "Scarborough HUN"]
[Date "2001.08.08"]
[Round "9"]
[White "Turner,M"]
[Black "Tan,D"]
[Result "1/2-1/2"]
[WhiteElo "2511"]
[BlackElo "2253"]

1.d4 Nf6 2.c4 e6 3.Nc3 Bb4 4.Nf3 b6 5.Bg5 h6 6.Bh4 g5 7.Bg3 Ne4 8.Qc2 Bb7
9.e3 Bxc3+ 10.bxc3 Nxg3 11.fxg3 g4 12.Ne5 Qg5 13.Qf2 f5 14.h3 Nc6 15.Nd3 gxh3
16.Rxh3 O-O-O 17.Be2 d6 18.O-O-O Rdf8 19.Nf4 Qg8 20.Bf3 Na5 21.Rdh1 e5 22.Bd5 Bxd5
23.Nxd5 Qe6 24.Qe2 Kb7 25.dxe5 Qxe5  1/2-1/2

[Event "Open"]
[Site "Presov SVK"]
[Date "2001.08.13"]
[Round "3"]
[White "Barwinski,D"]
[Black "Hagarova,Z"]
[Result "1-0"]
[WhiteElo "2232"]
[BlackElo "2342"]

1.d4 Nf6 2.c4 e6 3.Nc3 Bb4 4.Nf3 c5 5.e3 Nc6 6.Be2 Bxc3+ 7.bxc3 O-O 8.O-O b6
9.Nd2 Qc7 10.Re1 Ba6 11.Qa4 Bb7 12.Bf3 Na5 13.Bxb7 Nxb7 14.e4 cxd4 15.cxd4 e5
16.d5 Rfc8 17.Ba3 Ne8 18.Rac1 Nc5 19.Qc2 Qd8 20.Nb3 Nd6 21.Nxc5 bxc5 22.Qc3 f6
23.Rb1 Qc7 24.f3 Rab8 25.Rb3 Rb7 26.Kf2 Rcb8 27.Reb1 Rxb3 28.Rxb3 Rxb3 29.Qxb3 Kf7
30.Ke2 Qa5 31.Bc1 Ke7 32.Bd2 Qb6 33.Kd3 Nb7 34.f4 d6 35.Qb5 Qxb5 36.cxb5 exf4
37.Bxf4 Kd7 38.Bd2 Kc7 39.a4 Kb6 40.g4 a6 41.bxa6 Kxa6 42.Ke3 Na5 43.Kd3 Nb7
44.Bc3 Nd8 45.Ke3 Nf7 46.Kf4 g6 47.Ke3 Kb6 48.h3 Ka6 49.Ke2 Ng5 50.Ke3 Nf7
51.Bxf6 Ka5 52.Kd3 Kxa4 53.Kc4 Ka5 54.e5 dxe5 55.Kxc5 e4 56.d6 e3 57.d7 e2
58.d8=Q+ Nxd8 59.Bxd8+ Ka4 60.Bh4 Kb3 61.Kd4 Kc2 62.Ke5 Kd1 63.Kf6 e1=Q 64.Bxe1 Kxe1
65.Kg7 Kf2 66.Kxh7  1-0

[Event "TCh-ESP Div 2"]
[Site "Vila Real ESP"]
[Date "2001.08.16"]
[Round "4"]
[White "De la Rocha,R"]
[Black "Lezcano Jaen,P"]
[Result "0-1"]
[WhiteElo "2283"]
[BlackElo "2386"]

1.d4 Nf6 2.Nf3 e6 3.c4 Bb4+ 4.Nc3 b6 5.e3 Ne4 6.Qc2 Bb7 7.Bd3 f5 8.O-O Bxc3
9.bxc3 O-O 10.Nd2 Qh4 11.f3 Nxd2 12.Bxd2 Nc6 13.Rab1 d6 14.a4 Ba6 15.c5 Bxd3
16.Qxd3 dxc5 17.Qb5 Na5 18.dxc5 Qc4 19.Rb4 Qxb5 20.axb5 Rfd8 21.Be1 Rd5 22.cxb6 cxb6
23.e4 Rc5 24.exf5 exf5 25.Bf2 Rxc3 26.Rd4 Rc7 27.Rfd1 Rac8 28.Bg3 Rc1 29.Rxc1 Rxc1+
30.Kf2 Rc2+ 31.Kf1 Nc4 32.Bf4 Kf7 33.Ke1 Ke6 34.Kd1 Rc3 35.h4 Ne5 36.Bxe5 Kxe5
37.Rd7 Kf6 38.Rxa7 Rb3 39.Rc7 Rxb5 40.Rc6+ Kf7 41.Ke2 Re5+ 42.Kf2 Re6 43.Rc7+ Re7
44.Rc4 Rb7 45.Ke3 b5 46.Rb4 Ke6 47.Kf4 Kd5 48.Kxf5 Kc5 49.Rb1 b4 50.f4 Kd4
51.Ke6 Ke4 52.f5 Kf4 53.Rb3 Kg4 54.g3 h5 55.Ke5 Rb6  0-1

[Event "ch-FRA Gp B Tie-Break Blitz"]
[Site "Marsailles FRA"]
[Date "2001.08.20"]
[Round "4"]
[White "Dorfman,J"]
[Black "Relange,E"]
[Result "0-1"]
[WhiteElo "2602"]
[BlackElo "2472"]

1.d4 Nf6 2.c4 e6 3.Nc3 Bb4 4.Nf3 c5 5.g3 cxd4 6.Nxd4 Ne4 7.Qd3 Bxc3+ 8.bxc3 Nc5
9.Qe3 b6 10.Bg2 Bb7 11.Bxb7 Nxb7 12.Nf5 O-O 13.Nd4 Na6 14.Qe4 Nac5 15.Qg4 Qf6
16.h4 Qg6 17.Qf3 Qe4 18.Ba3 Qxf3 19.Nxf3 Rfc8 20.O-O-O Rc7 21.Nd4 a6 22.Nb3 Ne4
23.Rhf1 Nxc3 24.Rd3 Rxc4 25.Kd2 Ne4+ 26.Ke3 d5 27.g4 Nec5 28.Nxc5 Nxc5 29.Bxc5 bxc5
30.Rb1 Rxg4  0-1

[Event "Rubinstein Open"]
[Site "Polanica Zdroj POL"]
[Date "2001.08.20"]
[Round "5"]
[White "Kosiorek,M"]
[Black "Chojnacki,K"]
[Result "1/2-1/2"]
[WhiteElo "2339"]
[BlackElo "2228"]

1.d4 Nf6 2.c4 e6 3.Nc3 Bb4 4.Nf3 c5 5.g3 O-O 6.Bg2 d6 7.O-O Bxc3 8.bxc3 Qe7
9.Rb1 Nbd7 10.Re1 e5 11.e4 Re8 12.d5 Nf8 13.Qd3 Ng6 14.Rb2 b6 15.Nd2 Qd7
16.Qc2 Ba6 17.Bf1 h6 18.Bd3 Nh7 19.Nf1 Ng5 20.Qd1 Qh3 21.Be2 Bc8 22.f3 f5
23.Bxg5 hxg5 24.Qa4 Rd8 25.exf5 Bxf5 26.Ne3 Bd7 27.Qc2 Ne7 28.Bd3 Rf8 29.Qe2 Nf5
30.Nd1 Nxg3 31.Qg2 Nh5 32.Qxh3 Bxh3 33.Be4 Nf4 34.Ne3 g6 35.a4 Bf5 36.Ra1 Bxe4
37.fxe4 Rf7 38.a5 bxa5 39.Rxa5 Raf8 40.Ng4 Rh7 41.Ra6 Nh3+ 42.Kg2 Rh4 43.Nf2 Nxf2
44.Rxf2 Rxh2+ 45.Kxh2 Rxf2+ 46.Kg3 Rc2 47.Rxd6 Rxc3+ 48.Kg4 Rxc4 49.Rxg6+ Kf7
50.Kf5 Rxe4 51.Rf6+ Kg7 52.Rg6+ Kf7 53.Rf6+ Kg7 54.Rg6+ Kf7  1/2-1/2

[Event "Rubinstein Open"]
[Site "Polanica Zdroj POL"]
[Date "2001.08.21"]
[Round "6"]
[White "Abbasov,F"]
[Black "Hnydiuk,A"]
[Result "0-1"]
[WhiteElo "2426"]
[BlackElo "2362"]

1.d4 Nf6 2.c4 e6 3.Nc3 Bb4 4.Nf3 c5 5.g3 O-O 6.Bg2 cxd4 7.Nxd4 d5 8.cxd5 Nxd5
9.Bd2 Bxc3 10.bxc3 e5 11.Nb3 Nc6 12.c4 Nb6 13.Rc1 Qe7 14.c5 Nd7 15.Be3 Nf6
16.Qd6 Qxd6 17.cxd6 Rd8 18.Rd1 Ne8 19.Bc5 Bd7 20.O-O b6  0-1

[Event "10th Open"]
[Site "Kavala GRE"]
[Date "2001.08.23"]
[Round "3"]
[White "Botsari,A"]
[Black "Vouldis,A"]
[Result "0-1"]
[WhiteElo "2315"]
[BlackElo "2508"]

1.d4 Nf6 2.c4 e6 3.Nc3 Bb4 4.Nf3 b6 5.g3 Bb7 6.Bg2 O-O 7.O-O Bxc3 8.bxc3 Be4
9.a4 Nc6 10.c5 Na5 11.Ba3 Nc4 12.cxb6 Nxa3 13.b7 Rb8 14.Rxa3 Rxb7 15.Nd2 Bxg2
16.Kxg2 Qa8 17.Kg1 Rfb8 18.a5 Rb2 19.Nc4 R2b5 20.f3 h5 21.Qd3 h4 22.gxh4 Rh5
23.Raa1 g6 24.Rab1 Kg7 25.a6 Rxh4 26.Ne3 Rb6 27.Ng2 Rh5 28.Nf4 Rg5+ 29.Kh1 Qh8
30.Rxb6 cxb6 31.e4 Qh4 32.Qe3 Nh5 33.Nxh5+ Rxh5 34.Qe2 Qf4 35.Rb1 Ra5 36.Rf1 Ra3
37.Qc4 b5 38.Qxb5 Rxc3 39.Qe5+ Qxe5 40.dxe5 Kf8 41.Rb1 Ra3 42.Rb7 Rxa6 43.Rxd7 Ra2
44.h4 a5 45.Ra7 a4 46.Kg1 a3 47.Kh1 Ke8 48.Kg1 Kd8 49.f4 Kc8 50.f5 Kb8 51.Ra4 Kb7
52.f6 Kc6 53.Ra8 Kc5 54.Ra4 Ra1+ 55.Kg2 a2 56.Kh2 Kb5 57.Ra7 Kc4 58.Ra4+ Kb3
59.Ra7 Rb1  0-1

[Event "WJun"]
[Site "Athens GRE"]
[Date "2001.08.27"]
[Round "11"]
[White "Schenk,Andreas"]
[Black "Bar,R"]
[Result "1/2-1/2"]
[WhiteElo "2455"]
[BlackElo "2412"]

1.d4 Nf6 2.c4 e6 3.Nc3 Bb4 4.Nf3 b6 5.Qb3 c5 6.Bg5 h6 7.Bh4 g5 8.Bg3 Ne4
9.e3 Nc6 10.Qc2 Bxc3+ 11.bxc3 Nxg3 12.hxg3 Qf6 13.Nd2 Qe7 14.Be2 Bb7 15.dxc5 Qxc5
16.Ne4 Qe5 17.Rd1 Nb4 18.cxb4 Bxe4 19.Qd2 Rd8 20.f4  1/2-1/2

[Event "III Sants Hostafrancs Open"]
[Site "Barcelona ESP"]
[Date "2001.09.09"]
[Round "9"]
[White "Parker,J"]
[Black "Rios,Al"]
[Result "1/2-1/2"]
[WhiteElo "2547"]
[BlackElo "2337"]

1.d4 Nf6 2.c4 e6 3.Nc3 Bb4 4.Nf3 c5 5.g3 cxd4 6.Nxd4 O-O 7.Bg2 d5 8.Qb3 Bxc3+
9.Qxc3 e5 10.Nb3 dxc4 11.Na5 Nd5 12.Qxe5 Qxa5+ 13.Bd2 Qb6 14.Bxd5 Nc6 15.Qc3 Be6
16.Bxe6 fxe6 17.Be3 Qa6 18.O-O Rfd8 19.Rfe1 Rac8 20.b3 cxb3 21.Qxb3 Na5 22.Qa3 b6
23.Rac1 Qb7 24.Rxc8 Rxc8 25.Rd1 Nc4 26.Qd3 b5 27.Bf4 e5 28.Bc1 a6 29.h4 Qf7
30.Qe4 Rf8 31.f3 h6 32.g4 Qe7 33.g5 Rd8 34.Rd5 Rxd5 35.Qxd5+  1/2-1/2

[Event "Boca Open"]
[Site "Buenos Aires ARG"]
[Date "2001.09.27"]
[Round "8"]
[White "Filgueira,H"]
[Black "Dorin,M"]
[Result "1-0"]
[WhiteElo "2385"]
[BlackElo "2410"]

1.d4 Nf6 2.c4 e6 3.Nc3 Bb4 4.Nf3 c5 5.g3 O-O 6.Bg2 d5 7.cxd5 cxd4 8.Nxd4 Nxd5
9.Qb3 Qb6 10.Bxd5 exd5 11.Be3 Bh3 12.a3 Bxc3+ 13.Qxc3 Rc8 14.Qd2 Nd7 15.f3 Ne5
16.b3 Re8 17.Kf2 Qf6 18.Bf4 Bd7 19.Bxe5 Rxe5 20.Rac1 Rae8 21.Rc3 h5 22.h4 Bb5
23.Re1 Qb6 24.Kg2 a5 25.a4 Bd7 26.Rec1 Qb4 27.R3c2 Qb6 28.Rc5 Qa6 29.Kf2 Qf6
30.Rxa5 Re4 31.Rxd5 Bc6 32.Qg5 Qxg5 33.hxg5 Bxd5 34.fxe4 Rxe4 35.e3 Re8 36.Rc7 Kh7
37.b4 Kg6 38.Ne2 Kxg5 39.Rc5  1-0

[Event "12th NATO"]
[Site "San Remo ITA"]
[Date "2001.10.10"]
[Round "4"]
[White "Schenk,Andreas"]
[Black "Deleyn,G"]
[Result "1/2-1/2"]
[WhiteElo "2455"]
[BlackElo "2230"]

1.d4 Nf6 2.c4 e6 3.Nc3 Bb4 4.Nf3 O-O 5.Bg5 h6 6.Bh4 c5 7.Rc1 cxd4 8.Nxd4 a6
9.e3 Be7 10.Be2 b6 11.Bf3 Ra7 12.Bg3 d6 13.O-O Bb7 14.Rc2 Qc8 15.b3 Rd8 16.Qe2 Bxf3
17.Qxf3 Qb7 18.Qe2 Ne4 19.Nxe4 Qxe4 20.f3 Qa8 21.Rd1 Nc6 22.Rcd2 Nxd4  1/2-1/2

[Event "FSGM October"]
[Site "Budapest HUN"]
[Date "2001.10.12"]
[Round "7"]
[White "Horvath,P1"]
[Black "Koneru,H"]
[Result "0-1"]
[WhiteElo "2441"]
[BlackElo "2484"]

1.d4 Nf6 2.c4 e6 3.Nc3 Bb4 4.Nf3 c5 5.d5 O-O 6.Bd2 Bxc3 7.Bxc3 exd5 8.cxd5 b5
9.e3 b4 10.Be5 d6 11.Bf4 Bb7 12.Bc4 h6 13.O-O Nh5 14.Bg3 Nxg3 15.hxg3 Nd7
16.e4 Nb6 17.Nd2 Qf6 18.Qc2 a5 19.a4 Nxc4 20.Nxc4 b3 21.Qxb3 Ba6 22.Qc2 Rfb8
23.b3 Bxc4 24.bxc4 Rb2 25.Qc1 Re2 26.Rb1 Rxe4 27.Re1 Rae8 28.Qd2 Qe5 29.Rxe4 Qxe4
30.Rc1 Ra8 31.Qc3 Qe8 32.Ra1 Qb8 33.Qd2 Qb4 34.Qf4 Rd8 35.Qe4 Rb8 36.g4 Qb2
37.Re1 Qf6 38.Qd3 g6 39.Qe3 Kg7 40.Rc1 Rb4 41.f4 Rxa4 42.g5 hxg5 43.fxg5 Qb2
44.Kh2 Ra2 45.Rg1 Ra1 46.Qe7 Rxg1 47.Kxg1 a4  0-1

[Event "TCh-RUS Siberian Zone"]
[Site "Omsk RUS"]
[Date "2001.10.13"]
[Round "9"]
[White "Iskusnyh,S"]
[Black "Zemerov,V"]
[Result "1/2-1/2"]
[WhiteElo "2523"]
[BlackElo "2316"]

1.d4 Nf6 2.c4 e6 3.Nf3 Bb4+ 4.Nc3 d5 5.e3 Nc6 6.Bd3 O-O 7.O-O a6 8.h3 h6
9.a3 dxc4 10.Bxc4 Bd6 11.e4 e5 12.Be3 b5 13.Bb3 Bb7 14.d5 Ne7 15.Qd3 Ng6
16.Rac1 Nh5 17.Ne2 Qf6 18.Kh2 Bc8 19.Qd2 Bd7 20.Nfg1  1/2-1/2

[Event "YM"]
[Site "Zug SUI"]
[Date "2001.10.13"]
[Round "5"]
[White "Kuemin,S"]
[Black "Jenni,F"]
[Result "0-1"]
[WhiteElo "2300"]
[BlackElo "2487"]

1.d4 Nf6 2.c4 e6 3.Nc3 Bb4 4.Nf3 O-O 5.g3 b6 6.Bg2 Bb7 7.O-O Bxc3 8.bxc3 d6
9.Re1 Nbd7 10.Bh3 Re8 11.Nd2 e5 12.d5 c6 13.e4 Qc7 14.Ba3 Re7 15.Rc1 Rf8
16.Bf1 Bc8 17.Bd3 g6 18.Nf1 cxd5 19.cxd5 Nc5 20.Bxc5 Qxc5 21.Ne3 Nh5 22.Qa4 Ng7
23.Qb4 Rc7 24.Nc4 Ne8 25.Nd2 f5 26.Nb3 Qxb4 27.cxb4 fxe4 28.Bb5 Rxc1 29.Rxc1 Nf6
30.Rc7 a6 31.Be2 b5 32.a3 Nxd5 33.Rc6 Rd8 34.Nd2 Bb7 35.Rc1 Nf6 36.Rc7 Rd7  0-1

[Event "Lasker Autumn IM"]
[Site "Bucharest ROM"]
[Date "2001.10.18"]
[Round "6"]
[White "Barnaure,V"]
[Black "Burnoiu,N1"]
[Result "1-0"]
[WhiteElo "2167"]
[BlackElo "2304"]

1.d4 Nf6 2.c4 e6 3.Nc3 Bb4 4.Nf3 b6 5.Bg5 h6 6.Bh4 g5 7.Bg3 Ne4 8.Qc2 Bb7
9.e3 h5 10.Bd3 f5 11.d5 Bxc3+ 12.bxc3 exd5 13.cxd5 Bxd5 14.Nd4 Qf6 15.O-O d6
16.Nxf5 Qxf5 17.f3 Qe6 18.fxe4 Bc6 19.e5 dxe5 20.Bg6+ Kd8 21.Rad1+ Nd7 22.Bf5 Qe7
23.Bxd7 Bxd7 24.Qe4 Rb8 25.Bxe5 Kc8 26.Rxd7 Kxd7 27.Qd5+  1-0

[Event "TCh-CZE 2001-2"]
[Site "CZE"]
[Date "2001.10.20"]
[Round "1"]
[White "Frolik,M"]
[Black "Dopita,B"]
[Result "1/2-1/2"]
[WhiteElo "2259"]
[BlackElo "2099"]

1.d4 Nf6 2.Nf3 e6 3.c4 Bb4+ 4.Nc3 c5 5.e3 Bxc3+ 6.bxc3 d6 7.Bd3 Qe7 8.e4 e5
9.d5 h6 10.O-O O-O 11.Ne1 Ne8 12.Qc2 Bg4 13.f3 Bh5 14.g3 Bg6 15.Ng2 Nd7 16.Bd2 Kh7
17.Rae1 Nef6 18.Bc1 Ng8 19.Ne3 Rae8 20.Rf2 Nb6 21.h4 Qd7 22.Rh2 Kh8 23.h5 Bh7
24.g4 f6 25.Bd2 Ne7 26.Rb1 Rb8 27.Qc1 Qa4 28.Rb5 Nbc8 29.Qb1 b6 30.Rg2 Qa6
31.Rb2 Qb7 32.Bc2 Qd7 33.Qd1 Ng8 34.Rg3 Qc7 35.Bc1 Nge7 36.Bd3 Rd8 37.Rbg2 Rf8
38.Nf5 Ng8 39.Ne3 Nge7 40.Qd2 Ng8 41.Qd1 Nge7 42.Bd2 Bg8 43.Qc1 Bh7 44.Kh2 Ng8
45.Bc2 Qd7 46.Qa3 Qc7 47.Rg1 Nge7 48.Ng2 Bg8 49.Nh4 Kh7 50.Qc1 Bf7 51.R3g2 Be8
52.f4  1/2-1/2

[Event "27th Open"]
[Site "Guernsey GCI"]
[Date "2001.10.26"]
[Round "6"]
[White "White,K"]
[Black "Kemp,Pa"]
[Result "1-0"]
[WhiteElo "2059"]
[BlackElo "2032"]

1.d4 Nf6 2.c4 e6 3.Nc3 Bb4 4.Nf3 b6 5.e3 Bb7 6.Bd3 O-O 7.Qc2 d5 8.cxd5 Qxd5
9.O-O Qh5 10.Ne4 Nxe4 11.Bxe4 Bxe4 12.Qxe4 Qd5 13.Qh4 Qd8 14.Qe4 Qd5 15.Qc2 Qd8
16.Rd1 Nd7 17.e4 Nf6 18.Ne5 Be7 19.d5 exd5 20.Nc6 Qd7 21.e5 Ne4 22.Rxd5 Qe6
23.Nxe7+ Qxe7 24.Bf4 f6 25.exf6 Nxf6 26.Re5 Qb4 27.Bg3 Rf7 28.a3 Qf8 29.Rc1 Rd8
30.b4 Rfd7 31.Re3 Kh8 32.h3 h6 33.Rc3 Rd2 34.Qa4 Nd5 35.Rf3 Qe7 36.Qc6 Qg5
37.Kh2 Nf6 38.Bf4 Qh5 39.Bxd2 Rxd2 40.Qxc7 Ng4+ 41.Kg3 Ne5 42.Qc8+ Kh7 43.Qf5+ Qxf5
44.Rxf5 Nd3 45.Rc7 Kg6 46.Rd5 Nxf2 47.Rxd2 Ne4+ 48.Kf4 Nxd2 49.Rxa7 Nc4 50.a4 Nb2
51.Ra6  1-0

[Event "FSGMA December"]
[Site "Budapest HUN"]
[Date "2001.11.01"]
[Round "1"]
[White "Schenk,Andreas"]
[Black "Cao,S"]
[Result "1/2-1/2"]
[WhiteElo "2443"]
[BlackElo "2507"]

1.d4 Nf6 2.c4 e6 3.Nc3 Bb4 4.Nf3 b6 5.Qb3 c5 6.Bg5 Nc6 7.d5 Na5 8.Qc2 h6
9.Bh4 d6 10.e4 e5 11.Nd2 g5 12.Bg3 Nh5 13.Ndb1 Bd7 14.a3 Bxc3+ 15.Nxc3 Nf4
16.f3 h5 17.Bf2 h4 18.b4 Nb7 19.Rg1 Qf6 20.Be3 Ke7 21.Qd2 Rag8 22.O-O-O Rg6
23.Kb2 Rc8 24.g3 hxg3 25.hxg3 Nh5 26.Be2 Rh8 27.Kb3 Qg7 28.Nb5 Bxb5 29.cxb5 Rc8
30.Rc1 Nf6 31.Bd3 Nd7 32.Rh1 f6 33.Rh2 Rh8 34.Rch1 Rgh6 35.Qg2 R8h7 36.Rxh6 Rxh6
37.Bf1 Rxh1 38.Qxh1 g4 39.Kc2 Nd8 40.Be2 gxf3 41.Qxf3 Qh7 42.Qg4 Qh1 43.Bf3  1/2-1/2

[Event "EuTCh"]
[Site "Leon ESP"]
[Date "2001.11.06"]
[Round "1"]
[White "Muir,A"]
[Black "Kovacevic,A"]
[Result "0-1"]
[WhiteElo "2313"]
[BlackElo "2553"]

1.d4 Nf6 2.c4 e6 3.Nc3 Bb4 4.Nf3 c5 5.e3 O-O 6.Bd3 d5 7.O-O cxd4 8.exd4 dxc4
9.Bxc4 a6 10.Bg5 b5 11.Bb3 Bb7 12.Ne5 Be7 13.Re1 Nc6 14.Nxc6 Bxc6 15.d5 exd5
16.Nxd5 Bxd5 17.Bxf6 Bxf6 18.Bxd5 Ra7 19.Qb3 Bxb2 20.Bxf7+ Raxf7 21.Qxb2 Rxf2
22.Qxf2 Rxf2 23.Kxf2 Qd2+ 24.Kg1 b4 25.h3 a5 26.Kh1 h6 27.Red1 Qb2 28.Rdb1 Qc3
29.Rc1 Qa3 30.Rc2 Kh7 31.Rf1 Qd3 32.Rff2 Qg3 33.Rf3 Qe1+ 34.Kh2 Qe5+ 35.Kh1 Qe4
36.Rff2 Kg6 37.Rce2 Qd4 38.Rd2 Qa1+ 39.Kh2 Qe5+ 40.Kh1 Qc3 41.Rc2 Qa1+ 42.Kh2 Qe5+
43.Kh1 h5 44.Rce2 Qc3 45.Rc2 Qa1+ 46.Kh2 Qe5+ 47.Kh1 Kh6 48.Rce2 Qc3 49.Rf3 Qc4
50.Rff2 Qd4 51.Rd2 Qa1+ 52.Kh2 Qe5+ 53.Kh1 g5 54.Rde2 Qd6 55.Rd2 Qg3 56.Rde2 g4
57.hxg4 hxg4 58.Kg1 Qd6 59.Rd2 Qb8 60.Rf6+ Kg5 61.Rfd6 Qa7+ 62.Kf1 Qf7+ 63.Ke1 Qh7  0-1

[Event "EuTCh"]
[Site "Leon ESP"]
[Date "2001.11.09"]
[Round "4"]
[White "Radjabov,T"]
[Black "Andersson,U"]
[Result "1/2-1/2"]
[WhiteElo "2567"]
[BlackElo "2601"]

1.d4 Nf6 2.c4 e6 3.Nc3 Bb4 4.Nf3 c5 5.g3 Ne4 6.Qd3 Qa5 7.Qxe4 Bxc3+ 8.Bd2 Bxd2+
9.Nxd2 d6 10.Bg2 O-O 11.Qe3 cxd4 12.Qxd4 Rd8 13.O-O Nc6 14.Qd3 Ne5 15.Qc2 Qc7
16.Rac1 Bd7 17.Nf3 Nxf3+ 18.Bxf3 Rac8 19.Qd2 Bc6 20.Bxc6 Qxc6 21.Rfd1 h6
22.Rc3  1/2-1/2

[Event "EuTCh"]
[Site "Leon ESP"]
[Date "2001.11.13"]
[Round "7"]
[White "San Segundo Carrillo,P"]
[Black "Meijers,V"]
[Result "1/2-1/2"]
[WhiteElo "2528"]
[BlackElo "2465"]

1.d4 Nf6 2.c4 e6 3.Nc3 Bb4 4.Nf3 O-O 5.Bg5 h6 6.Bh4 d5 7.e3 c5 8.Bd3 cxd4
9.exd4 dxc4 10.Bxc4 a6 11.a4 b6 12.O-O Bb7 13.Rc1 Be7 14.Qe2 Nc6 15.Rfd1 Nb4
16.Ne5 Nfd5 17.Nxd5 Nxd5 18.Bg3  1/2-1/2

[Event "Open A"]
[Site "Genova ITA"]
[Date "2001.11.23"]
[Round "6"]
[White "Efimov,I"]
[Black "Dijon,F"]
[Result "1-0"]
[WhiteElo "2467"]
[BlackElo "2060"]

1.d4 Nf6 2.Nf3 e6 3.c4 Bb4+ 4.Nc3 O-O 5.e3 b6 6.Bd3 d5 7.O-O Ba6 8.Qe2 c5
9.dxc5 dxc4 10.Bxc4 Bxc4 11.Qxc4 Bxc5 12.b4 Be7 13.Bb2 Nbd7 14.Rfd1 Qc8 15.Qb3 Qb7
16.Nb5 a6 17.Nbd4 b5 18.Rac1 Rac8 19.Nxe6 fxe6 20.Qxe6+ Rf7 21.Rxc8+ Qxc8
22.Ne5 Qe8 23.Nxd7  1-0

[Event "ch-ROM"]
[Site "Targoviste ROM"]
[Date "2001.11.25"]
[Round "2"]
[White "Manolache,M"]
[Black "Cosma,I"]
[Result "1/2-1/2"]
[WhiteElo "2394"]
[BlackElo "2472"]

1.d4 Nf6 2.Nf3 e6 3.c4 Bb4+ 4.Nc3 c5 5.e3 O-O 6.Qb3 Nc6 7.Be2 cxd4 8.exd4 d5
9.O-O dxc4 10.Qxc4 Be7 11.a3 Nd5 12.Rd1 Na5 13.Qa2 b6 14.Nxd5 Qxd5 15.Qxd5 exd5
16.Bf4 Nb3 17.Rab1 Bf5 18.Bd3 Be4 19.Bxe4 dxe4 20.Nd2 Nxd4 21.Be3 Nc2 22.Nxe4 Nxe3
23.fxe3 f5 24.Nc3 Bc5 25.Nd5 f4 26.Rd3 Rad8 27.Nxf4 Rxd3 28.Nxd3 Bxe3+ 29.Kh1 Bg5
30.g3 Rc8 31.h4 Bf6 32.Kg2 Rc2+ 33.Kf3 a5 34.a4 Kf7 35.b3 Ke7 36.Rc1 Rd2
37.Ke3 Rg2 38.Kf3 Rd2 39.Ke3  1/2-1/2

[Event "FSGMA December"]
[Site "Budapest HUN"]
[Date "2001.12.03"]
[Round "3"]
[White "Schenk,Andreas"]
[Black "Bokros,A"]
[Result "1-0"]
[WhiteElo "2443"]
[BlackElo "2429"]

1.d4 Nf6 2.c4 e6 3.Nc3 Bb4 4.Nf3 b6 5.Qb3 Qe7 6.a3 Bxc3+ 7.Qxc3 Bb7 8.e3 O-O
9.Be2 c5 10.O-O Rc8 11.dxc5 Qxc5 12.b4 Qe7 13.Bb2 d5 14.Qb3 dxc4 15.Bxc4 Nbd7
16.Rac1 Ne4 17.Rfd1 Ndf6 18.Ne5 a5 19.bxa5 bxa5 20.a4 Nc5 21.Qa3 Nd5 22.Bxd5 Bxd5
23.Rxd5 exd5 24.Nd3 Nxd3 25.Rxc8+ Rxc8 26.Qxe7 Nxb2 27.h4 Nd3 28.Qd7 Rc1+
29.Kh2 g6 30.Qxd5 Nxf2 31.h5 Kg7 32.Qd4+ f6 33.h6+  1-0

[Event "FSGMB December"]
[Site "Budapest HUN"]
[Date "2001.12.07"]
[Round "7"]
[White "Horvath,P1"]
[Black "Pilgaard,K"]
[Result "0-1"]
[WhiteElo "2441"]
[BlackElo "2437"]

1.d4 Nf6 2.c4 e6 3.Nc3 Bb4 4.Nf3 c5 5.d5 d6 6.Bd2 O-O 7.e3 Bxc3 8.Bxc3 Ne4
9.dxe6 Bxe6 10.Qc2 Nxc3 11.Qxc3 Qe7 12.O-O-O Nc6 13.Kb1 a6 14.h4 b5 15.Ng5 Bxc4
16.Bxc4 bxc4 17.Qc2 g6 18.Qxc4 Rab8 19.Qd5 Rb6 20.Rd2 h6 21.Nf3 Rfb8 22.h5 g5
23.Rc1 Qf6 24.b3 Nb4 25.Qc4 a5 26.Rb2 a4 27.Nd2 d5 28.Qxc5 Rc6 29.Qd4 Rbc8
30.Rbc2 Qxd4  0-1